[Event "Poikovsky Karpov 13th"]
[Site "Poikovsky"]
[Date "2012.09.29"]
[Round "2"]
[White "Short, Nigel D"]
[Black "Jakovenko, Dmitrij"]
[Result "0-1"]
[WhiteElo "2698"]
[BlackElo "2724"]
[Annotator "Stohl,I"]
[PlyCount "102"]
[EventDate "2012.09.27"]
[EventType "tourn"]
[EventRounds "9"]
[EventCountry "RUS"]
[EventCategory "18"]
[SourceTitle "CBM 151"]
[Source "ChessBase"]
[SourceDate "2012.11.13"]
[SourceVersion "1"]
[SourceVersionDate "2012.11.13"]
[SourceQuality "1"]

1. c4 c6 {Short possibly repeated 1.c4 due to the successful outcome of his
first round game:} (1... e5 2. Nc3 Nf6 3. Nf3 Nc6 4. e3 Bb4 5. Qb3 Bxc3 6. Qxc3
Qe7 7. Be2 d5 {and now:} 8. O-O ({More natural is} 8. cxd5 Nxd5 9. Qb3 Nb6 10.
d3 Be6 11. Qc2 Nb4 12. Qb1 {, but even here Black holds the balance:} a5 $5 (
12... Qc5 13. d4 $5 (13. O-O Nc2 14. b4 Nxb4 15. Bb2 $32 {|^}) 13... exd4 (
13... Qc2 14. Bd2 Bxa2 15. Qc1 $1 $14) 14. Nxd4 $14 {/\} Bxa2 15. Rxa2 Nxa2 16.
Bd2 Nb4 17. Qe4+ Kd8 18. Nb3 $16) (12... c5 13. O-O Nc6 14. b3 O-O 15. Ba3 Bf5
16. Qc1 Nd7 17. Rd1 Rac8 18. Qd2 Rfe8 19. Rac1 b6 20. Bb2 a5 21. h3 h6 22. Bf1
Red8 23. Bc3 Nf8 24. Qb2 Ng6 25. a3 Re8 $11 {Kvon,A (2492)-Palac,M (2599)/
Istanbul olm/2012/}) 13. O-O O-O 14. Bd2 (14. a3 Nc6 15. b3 $13) 14... Bf5 15.
a3 Nc6 16. b4 e4 17. dxe4 Bxe4 18. Qb3 Rfd8 19. Bc3 Bd5 20. Qc2 Be4 21. Qb3 Bd5
22. Qc2 Be4 23. Qb3 Bd5 {1/2,Stohl,I (2518)-Lipka,J (2441)/Vienna AUT-chT2E/
2012/}) 8... d4 (8... O-O $5) 9. exd4 exd4 10. Qa3 $5 ({A minor improvement
over} 10. Qb3 O-O 11. Re1 Bg4 12. Bd1 Qd6 13. d3 Nd7 $1 14. Bd2 a5 15. Nh4 $6
Nc5 16. Qa3 Bd7 17. Be2 b6 18. Rad1 h6 19. b3 Qf6 20. Nf3 Rae8 21. Qb2 Bg4 22.
Qc2 Rxe2 $1 23. Rxe2 Bxf3 24. gxf3 Qxf3 25. Bc1 f5 $40 {Short,N (2691)
-Morozevich,A (2762)/Sarajevo/2007/}) 10... Qxa3 11. bxa3 Bf5 12. Re1 O-O-O 13.
Bb2 Rhe8 14. Bf1 Be4 15. Ng5 Bg6 16. Rxe8 Rxe8 17. Nf3 Ne4 18. d3 Nc5 19. Nxd4
Nxd3 (19... Ne5 $5) 20. Nxc6 (20. Bxd3 $142 Bxd3 21. Nxc6 $11) 20... Nxb2 21.
Nxa7+ Kd7 22. Nb5 c6 23. Nd4 {Short,N (2698)-Rublevsky,S (2693)/Poikovsky/2012/
} Ra8 24. f4 Rxa3 $15) 2. Nf3 d5 3. e3 Nf6 4. Nc3 e6 {Jakovenko wants to steer
his opponent into a Semi-Slav.} (4... a6 5. b3 Bg4 6. h3 Bxf3 7. Qxf3 e6 8. g4
$5 (8. Bb2 Nbd7 9. Qg3 Nc5 10. cxd5 cxd5 11. d3 d4 12. exd4 Qxd4 13. Qe3 Qb4
14. Qd2 Rc8 15. Be2 Bd6 16. O-O Nd5 17. g3 Be5 18. Rac1 O-O $15 {Lanka,Z (2468)
-Ragger,M (2615)/AUT-chT/2010/}) 8... Nbd7 9. g5 Ne5 10. Qg3 Nfd7 11. f4 Ng6
12. h4 Bd6 13. Bb2 Ne7 14. O-O-O (14. h5 $142 $5 {[%cal Rh5h6] /\h6}) 14... Qa5
15. Kb1 O-O-O 16. h5 Kb8 17. d4 Nf5 18. Qf3 Ba3 (18... Bb4 $5) 19. c5 Bxb2 20.
Kxb2 $14 {()} b6 $6 21. cxb6 Nxb6 22. Bd3 Nd6 23. Rc1 Ka7 24. Nb1 Rb8 25. Ka1
Rhc8 26. Rc5 Qb4 27. Rhc1 $16 {[%csl Ra6,Rc6] Short,N (2705)-Granda Zuniga,J 
(2657)/Lima rpd m/2012/}) 5. b3 Bd6 6. Bb2 O-O 7. Qc2 e5 $1 {Short keeps
omitting d4, so Black doesn't hesitate to occupy the centre.} ({The text move
is more active than the popular alternative} 7... Nbd7 8. Be2 (8. d4 {- D45}) (
8. Rg1 {[%cal Yg2g4,Yg4g5] /\g4-g5 is an interesting, but perhaps too original
idea.}) 8... Re8 9. O-O e5 (9... Qe7 {allows White to keep his options open
with} 10. Rfd1 $5 dxc4 $5 (10... a6 11. d4 dxc4 12. bxc4 e5 13. c5 Bc7 14. dxe5
Nxe5 15. Na4 Neg4 16. Bd3 Ne4 17. Bxe4 Qxe4 18. Qxe4 Rxe4 19. Nb6 Rb8 20. h3
Nf6 21. Be5 Ne8 22. Bxc7 Nxc7 23. Rab1 Re8 24. Nxc8 Rexc8 25. Ne5 $16 {Eingorn,
V (2590)-Baumegger,S (2485)/Graz/1997/}) 11. Bxc4 (11. bxc4 e5 $132) 11... Nb6
12. Be2 e5 13. d3 h6 14. a3 a5 15. Nd2 Bf5 16. Bf3 Bc7 17. Nce4 Nbd7 18. Ng3
Bg6 19. Be2 Nd5 20. Rac1 N5b6 21. Qb1 Bd6 22. Qa1 Nd5 23. Nc4 Bc7 24. Qa2 Qe6
25. h3 N7f6 $11 {Bischoff,K (2509)-Marchio,E (2289)/GER-ch Altenkirchen/1999/})
10. cxd5 Nxd5 (10... cxd5 $143 $6 11. Nb5 Bb8 12. Rac1 $36) 11. Ne4 Bc7 12. Ng3
Qe7 $5 {[%cal Re5e4] seems more accurate, Black equalises after} (12... Nf8 13.
a3 a5 14. d4 Ng6 15. Bd3 exd4 16. Nxd4 Bg4 17. Bf5 Nf6 18. f3 Bh5 19. Rae1 (19.
Rad1 $5 Qe7 20. Rfe1 $14) 19... Nf8 20. Nxh5 Nxh5 21. f4 Bb6 22. Bg4 Nf6 23.
Bf3 Nd5 24. Bxd5 Qxd5 25. Nf5 f6 26. Rd1 Qe4 27. Qxe4 Rxe4 28. Rf3 g6 29. Nh6+
Kg7 30. Ng4 Kf7 31. Nh6+ Kg7 32. Ng4 Kf7 $11 {1/2,Grischuk,A (2773)-Kramnik,V 
(2784)/Wijk aan Zee/2011/}) 13. d3 N7f6 14. a3 c5 15. Rac1 b6 16. Rfe1 Bb7 17.
Qb1 Rad8 18. Bf1 Bb8 19. Qa1 Nd7 $11 {Kipper,J (2307)-Nazarenus,M (2124)/Bad
Zwesten/2003/}) 8. cxd5 (8. d4 exd4 (8... e4 $142 9. Nd2 Na6 $11 {<=>}) 9. Nxd4
c5 $6 (9... a6 10. Rd1 Bg4 11. Be2 Bxe2 12. Ndxe2 Qa5 13. O-O Qc7 14. Nxd5 $6
cxd5 15. Bxf6 dxc4 16. Nc3 cxb3 17. Qxb3 gxf6 18. Nd5 Qc6 19. Nxf6+ Kg7 20.
Nh5+ Kh8 21. Rd5 {Radjabov,T (2757)-Ragger,M (2561)/EU-chT Novi Sad/2009/} Be7
$15) (9... Re8 $5 $13) 10. Ndb5 d4 11. O-O-O $1 Nc6 12. Nxd6 Qxd6 13. exd4 Nxd4
14. Nb5 $1 (14. Qd2 Bf5 15. Bd3 Bxd3 16. Qxd3 Qf4+ 17. Qd2 Qf5 18. Ne2 Nxe2+
19. Qxe2 Rfe8 20. Qc2 Qxc2+ 21. Kxc2 Re2+ 22. Rd2 Rxd2+ 23. Kxd2 Ne4+ 24. Ke3
Re8 $11 {Rychagov,A (2542)-Kreisl,R (2406)/Moscow/2012/}) 14... Qf4+ 15. Qd2
$14) 8... cxd5 9. Nb5 Nc6 10. Nxd6 Qxd6 {[%csl Gb2,Gc6,Gd5,Ge5,Gf1,Gf6] White
has gained the bishop pair, but at a price - he is lagging in development and
Black controls the centre. All in all, Jakovenko has fully solved his opening
problems.} 11. d4 {White must tread with care, other move are hardly any
better:} (11. Be2 Bg4 12. d3 (12. Qd1 Bxf3 (12... e4 $5) 13. Bxf3 e4 14. Be2 d4
15. O-O Rfd8 16. Bb5 dxe3 17. dxe3 Qb4 18. Qe2 Rd2 19. Ba3 Rxe2 20. Bxb4 Rc2
21. Ba3 a6 22. Bxc6 Rxc6 23. Rac1 Rac8 24. Rxc6 Rxc6 25. Rd1 h5 $11 {Balashov,
Y (2590)-Kallai,G (2460)/ECC/1991/}) 12... Rac8 13. Qd1 e4 14. dxe4 Qb4+ 15.
Qd2 Nxe4 16. Qxb4 Nxb4 17. O-O Nc3 18. Bxc3 Rxc3 19. h3 Bh5 20. Rfd1 $11 {
1/2,Kraai,J (2514)-Shankland,S (2601)/San Francisco/2012/}) (11. Bb5 $6 Nb4 12.
Qc1 {White's idea is risky due to} Bd7 $1 (12... d4 {is good for Black, but
here White's king at least gets to safety with} 13. O-O a6 14. a3 Nbd5 15. Be2
Bf5 (15... Bg4 $5) 16. d3 Rac8 17. Qd2 Nc3 18. exd4 exd4 19. Rfc1 Nxe2+ 20.
Qxe2 Bg4 21. Qe5 Qxe5 22. Nxe5 Be6 23. b4 Nd5 24. Bxd4 f6 25. Nf3 {1/2, Clery,
N (2390)-Savchenko,S (2558)/Cappelle la Grande/2008/}) 13. Bxe5 Qb6 14. a3 (14.
Be2 $2 Rfc8 15. Bc3 Bb5 16. a3 Bxe2 17. axb4 Bxf3 18. gxf3 d4 19. exd4 Qe6+ 20.
Kd1 Qf5 21. Rg1 Nd5 $19 {[%csl Rb3,Rb4,Rd1,Rd2,Rd4,Rf2,Rf3] Slipak,S (2453)
-Lemos,D (2538)/Buenos Aires/2012/}) 14... Rac8 15. Bc3 Bxb5 16. axb4 Ne4 $1
$40 {[%csl Re1][%cal Ga6f1]} (16... d4 17. Nxd4 Nd5 18. Ra5 Nxb4 $2 19. Rxb5
Nd3+ 20. Kd1 Qg6 21. Qa1 Nxf2+ 22. Ke2 Nxh1 23. Qxh1 $16 {Fioramonti,H (2350)
-Sherwin,J (2320)/Switzerland/1996/})) (11. Rc1 Bg4 12. Qc5 Qe6 13. Qb5 Rab8
14. h3 Bxf3 15. gxf3 a6 16. Qa4 Rbc8 (16... d4 $142 $1 $36 {[%csl Ra4,Re1]})
17. Qh4 Ne7 18. Rxc8 Rxc8 19. Bd3 {1/2,Jakubiec,A (2547)-Jaracz,P (2543)/
CZE-chT/2011/}) 11... Nb4 (11... e4 12. Ne5 Bd7 13. Be2 Rac8 14. Qd1 Be6 15.
O-O Rc7 16. Qd2 Rfc8 17. Rfc1 Nd7 18. Nxc6 Rxc6 19. Rxc6 Rxc6 20. Rc1 h6 21.
Rxc6 Qxc6 22. Qc3 Qxc3 23. Bxc3 Nf6 24. Bb4 Bd7 25. Be7 Ne8 26. Kf1 g6 27. Ke1
f5 $11 {/+/=,Hauchard,A (2536)-Gozzoli,Y (2551)/Saint-Quentin/2012/}) 12. Qd1
e4 13. Ne5 Bf5 $146 {This simple developing move is new.} ({However, there is
also the interesting} 13... Ne8 14. a3 f6 $5 (14... Na6 15. h3 f6 16. Ng4 Rf7
17. Be2 Rc7 18. O-O Bd7 19. a4 Rac8 20. Ba3 Qe6 21. f3 (21. b4 Nd6 22. b5 Nb8
23. Qb3 Nc4 $11) 21... Nd6 22. Bxd6 Qxd6 23. fxe4 dxe4 24. Bc4+ Kh8 25. Rf4 Re8
26. Qf1 $1 $13 {[%cal Rg4f6]} (26. Qe2 Nb4 27. Nf2 f5 $15 {Anastasian,A (2602)
-Sakaev,K (2649)/Kusadasi/2006/})) 15. h3 $142 $5 (15. Nc4 dxc4 16. axb4 Qxb4+
17. Qd2 Qxb3 18. Ra3 Qb6 19. Bxc4+ Be6 20. d5 (20. Rb3 Qc6 21. Bxe6+ Qxe6 22.
Rxb7 Nd6 $15) 20... Nd6 21. Ba2 Bd7 22. O-O $6 (22. Bd4 $142 $15) 22... a5 23.
Bd4 Qb4 $17 {Grandelius,N (2541)-Al Sayed,M (2485)/Sarajevo/2011/}) 15... fxe5
16. dxe5 Qe7 17. axb4 Qxb4+ 18. Ke2 Nc7 (18... Qb5+ 19. Ke1 Qb4+ 20. Ke2 $11)
19. f4 exf3+ 20. gxf3 Bd7 $13) 14. a3 Nc6 15. Be2 {White also develops first.}
(15. Rc1 Rfc8 16. Be2 Ne7 $5 $11 {[%cal Yf6e8,Yf7f6] and Black can proceed to
chase the Ne5 away as in the previous note.}) 15... Nd7 16. Nxc6 Qxc6 17. a4 $6
({More natural and definitely safer was} 17. O-O $1 Rfc8 18. a4 $5 $11 (18. Rc1
Qb6 19. Rc3 $11)) 17... Rfc8 $6 (17... Qg6 $142 $1 $36 {was uncomfortable:} {/\
} 18. O-O $2 Bh3 $17) 18. Ba3 $2 ({White could have still rectified his
inaccuracy with} 18. O-O $11) 18... Qc3+ {Prevents castling, but} (18... Qg6 $5
19. g4 Be6 $15 {[%csl Rg4] had the same effect and Black's queen is already on
the weakened kingside.}) 19. Kf1 Qa5 20. g4 {[%csl Rf1] Without this move
White can't connect his rooks, but now his king will be vulnerable.} Be6 21.
Kg2 Qd8 $15 22. h3 (22. Rc1 Nf8 $15 (22... f5 $5 $36)) 22... Nf8 23. h4 h6 24.
Ra2 (24. Rc1 $142 Ng6 $15) 24... Ng6 $1 25. Kg3 (25. h5 Nf8 $36 {[%cal Yf8h7,
Yh7g5,Yh7f6]}) 25... f5 $1 $36 26. gxf5 Bxf5 27. Bg4 Bxg4 ({Black refrained
form} 27... Qc7+ 28. Kh3 Qd7 29. Bxf5 Qxf5+ 30. Qg4 {, but even here the
tactical} Nf4+ $5 31. Kg3 $8 (31. exf4 $4 Rc3+ $19) 31... Qxg4+ 32. Kxg4 Nd3 {
[%cal Rc8c3]} 33. f3 exf3 34. Kxf3 Rc3 $17 {gives him reasonable winning
chances.}) 28. Qxg4 Rc6 29. Kh3 Rac8 30. Rg1 R8c7 $17 {[%cal Yc7f7,Yc6f6]
Black has the clear-cut plan, intending a gradual transfer of his major pieces
to the kingside.} 31. f4 $6 {This violent liberating attempt doesn't help, but
it's not easy to suggeat an effective improvement.} (31. h5 Nf8 $40) (31. Rg3
Rf7 $36 {[%csl Ra2] צa2} 32. Ra1 $2 Rxf2 $1 33. h5 Rcf6 34. Rc1 (34. hxg6 R6f5
$19 {[%cal Rh6h5,Rd8d7] is similar.}) 34... R6f5 35. Qxg6 Qd7 $19) 31... exf3
32. Rf2 Rf7 33. Rg3 Rcf6 34. Kh2 Qc7 ({A more energetic try was} 34... Nf4 $1
35. exf4 (35. Rgxf3 h5 36. Qg3 Rg6 37. Qxg6 Qxh4+ 38. Kg1 Nxg6 39. Rxf7 Qg3+
40. Kf1 Qxe3 $19) 35... Rxf4 36. Qe6 Re4 $1 {[%csl Re6]} 37. Qxf7+ $8 (37. Qh3
Rxh4) 37... Kxf7 38. Rfxf3+ Kg8 39. Rf8+ Qxf8 40. Bxf8 Rxh4+ 41. Kg2 Kxf8 $19)
35. Kh3 Qd8 36. Kh2 Rf5 $1 {[%mdl 96] Jakovenko finds a different tactical
solution to crown his strategic effort.} 37. Qxg6 (37. Kh3 R7f6 (37... Nf4+ $5
38. exf4 Rxf4 39. Qh5 Qc8+ 40. Kh2 Qc3 {[%cal Rc3e3,Rc3d4]}) 38. Rgxf3 (38. Kh2
Qc7 39. Kg1 h5 40. Qh3 Qc3 $19)) 37... Qxh4+ 38. Kg1 Rh5 39. Kf1 Rg5 $1 40.
Rxg5 hxg5 41. Ke1 {This attempt to escape is futile, but no better was} (41.
Kg1 Qg4+ 42. Kh1 Qh3+ 43. Kg1 Rf6 $1 {/\} 44. Qxg5 Rf5 45. Qd8+ Kh7 46. Bd6 Rh5
47. Bh2 Qg4+ 48. Kf1 Qe4 49. Rb2 Qd3+ $19) 41... Qh1+ 42. Rf1 Qh2 43. Qd3 g4
$19 {[%csl Gf3,Gg4] White has managed to avoid mate, but he is helpless
against the advancing pawns.} 44. Rf2 Qh4 45. Bd6 g3 46. Bxg3 Qxg3 47. Qf1 (47.
Qb5 g5 48. Qe8+ Kg7 49. Qe5+ Qxe5 50. dxe5 g4 $19) 47... g5 48. Kd1 Kg7 49. Kc1
g4 50. Kb2 Qh3 51. Qb5 (51. Qxh3 gxh3 52. Kc2 h2 $19) 51... g3 0-1

[Event "Alekhine Memorial"]
[Site "Paris/St Petersburg"]
[Date "2013.04.24"]
[Round "4"]
[White "Fressinet, Laurent"]
[Black "Adams, Michael"]
[Result "1/2-1/2"]
[WhiteElo "2706"]
[BlackElo "2727"]
[Annotator "Sumets,A"]
[PlyCount "144"]
[EventDate "2013.04.21"]
[EventType "tourn"]
[EventRounds "9"]
[EventCountry "FRA"]
[EventCategory "20"]
[SourceTitle "CBM 154"]
[Source "ChessBase"]
[SourceDate "2013.05.15"]
[SourceVersion "1"]
[SourceVersionDate "2013.05.15"]
[SourceQuality "1"]

1. Nf3 d5 2. g3 Bg4 3. Bg2 c6 4. c4 e6 5. O-O Nf6 6. d3 Nbd7 7. cxd5 exd5 8.
Nc3 Bc5 9. Qb3 Bb6 ({When Fressinet had the black pieces he preferred 9...Qc8,
but I'm not sure that he remembered the game.} 9... Qc8 10. e4 dxe4 11. dxe4
O-O 12. Qc2 Re8 13. Bf4 Nf8 14. Na4 Be7 15. Rae1 N6d7 16. h3 Bh5 17. Nd4 Ne6
18. Nf5 (18. Nxe6 fxe6 19. e5 Bg6 20. Be4 Bxe4 21. Rxe4 $14) 18... Bb4 $13 {
Bruzon Bautista,L-Fressinet,L Wijk aan Zee 2004 1/2-1/2 (25)}) (9... b5 {
This is not classical chess at all. But those who have worked with Houdini a
lot aren't surprised when they see this kind of move.} 10. h3 (10. e4 {the
most logical continuation} dxe4 11. dxe4 (11. Nxe4 $5 Nxe4 12. dxe4 O-O 13. Bf4
$14) 11... O-O 12. h3 Bxf3 13. Bxf3 Ne5 14. Be2 b4 15. Na4 Bd4 16. Qc2 (16. Be3
Nxe4 17. Rad1 c5 18. Bxd4 cxd4 19. Qxb4 Qg5 20. Qxd4 Nxg3 21. fxg3 Qxg3+ $11)
16... c5 $13 {Belezky,A-Janssen,R Germany 2009 0-1 (64)}) 10... Bh5 11. e3 O-O
12. Ne2 Bb6 13. Qc2 (13. g4 $5 Bg6 14. Nf4 Rc8 15. Bd2 $14) 13... c5 14. a4 c4
15. Nf4 Bxf3 16. Bxf3 Ne5 17. Bg2 b4 18. Rd1 $13 {Dizdar,G-Babula,V EU-ch
6thWarsaw 2005 1/2-1/2 (35)} (18. a5 Bc7 (18... Bxa5 19. dxc4 $16) 19. dxc4
dxc4 20. Rd1 Qe8 21. Nd5 Nxd5 22. Bxd5 Rd8 23. e4 $16)) 10. Na4 ({If you want
a draw you can make it:} 10. Qa3 Bc5 {1/2-1/2 Hausrath,D-Wichmann,C/
Saarbruecken 2009/CBM 128 Extra}) 10... O-O 11. Nxb6 axb6 12. Qc2 (12. h3 Bxf3
13. Bxf3 Re8 14. Re1 b5 15. Bg2 d4 16. Bd2 Qb6 17. Qc2 Re6 18. b4 {It seems to
me that it was the time to open up the position} (18. e4 $5 dxe3 19. Bxe3 Qc7
20. a4 bxa4 21. Rxa4 $14) 18... Rae8 19. Kf1 Qd8 20. a4 bxa4 21. Rxa4 Qe7 22.
Bg5 $6 (22. Bf3 Ne5 23. Bg2 Ng6 24. Bf3 $11) 22... h6 23. Bxf6 Rxf6 $15 {
0-1 Skoberne,J-Shaposhnikov,E/Al-Ain UAE 2012 (37)}) 12... Qe7 13. b3 Ne5 $146
{An Interesting novelty. In order to play for an opening advantage White
should double pawns.} (13... b5 14. Bb2 b4 15. Nd4 c5 16. h3 cxd4 $6 (16... Bh5
17. Nf5 Qe6 18. g4 Bg6 19. Nh4 Rfe8 20. e3 $14) 17. hxg4 Nxg4 18. Bxd4 Qg5 19.
Qc7 Qh5 20. Rfc1 Rad8 21. Qf4 $6 $16 {Piket,J-Kramnik,V Rapid Zuerich 2001 1/
2-1/2 (29)} (21. Qxb7 $1 Rfe8 22. Rc2 Qh2+ 23. Kf1 $18)) 14. Be3 $5 (14. Nxe5
Qxe5 15. Bd2 d4 16. Rfe1 Rfe8 17. Qb2 Nd7 18. Bf4 Qf6 $11) 14... Bxf3 {Black
should trade trade his bishop for White's knight, otherwise he has a steadily
worsening position} (14... c5 15. Nxe5 Qxe5 16. d4 $1 (16. Rfe1 Rfe8 17. b4
Rac8) 16... Qh5 (16... cxd4 17. Qb2 Rfe8 18. Bxd4 Qxe2 19. Bxf6 gxf6 20. Qxf6
$16) 17. dxc5 bxc5 18. Qxc5 Bxe2 19. Rfe1 Bf3 20. Bd4 $14) (14... Nxf3+ 15.
exf3 Bf5 16. Bxb6 $16) 15. exf3 Qb4 {It seems to me that Black wasn't
satisfied with the result of the opening.} (15... c5 {Maybe Adams should have
played 15...c5, but in any case, his position is worse. For example} 16. d4 Nc6
17. Rfd1 Nb4 $5 (17... Ra5 18. Qb2 Re8 19. a4 cxd4 20. Bxd4 Nxd4 21. Rxd4 $14)
18. Qd2 (18. Qb2 Rfc8 19. Bh3 Re8 20. a4 h6 (20... c4 $2 21. Qc3 $16) 21. Qc3
Ra5 22. Bf1 Rc8 23. Bb5 $14) 18... Rfc8 19. Bh3 (19. a3 $2 Nc2 $15 20. Qxc2
cxd4 21. Qd2 dxe3 22. fxe3 $2 Rxa3 $17) 19... cxd4 20. Bxd4 Rc2 21. Qe3 Qxe3
22. fxe3 Raxa2 23. Rxa2 Rxa2 24. Bc8 $14) (15... b5 $2 16. Bc5) 16. a3 $1 {
Now we can say that the opening has ended in White's favour. Perhaps Black has
overlooked that after 16...Rxa3 17.Rxa3 Qxa3 18.Bxb6 Qa6 19.Bd4 he can't take
the pawn on d3} (16. d4 Ned7 17. a4 Rfe8 18. Bh3 Nf8 19. Qd3 Ne6 20. Kg2 c5
$132) 16... Rxa3 17. Rxa3 Qxa3 18. Bxb6 Qa6 19. Bd4 Ned7 (19... Qxd3 $2 20.
Qxd3 Nxd3 21. Rd1 Nb4 22. Bc5 $16) 20. f4 c5 21. Bc3 {This allows Black to
play ...d4.} (21. Bxf6 $6 Nxf6 $8 22. Qxc5 Qxd3 23. Qb6 Qa6 24. Qxa6 bxa6 25.
Ra1 Ra8 26. Ra5 Kf8 27. Bxd5 Nxd5 28. Rxd5 Rb8 29. Rd3 a5 $11) (21. Bb2 $5 Re8
22. Bf3) 21... Re8 (21... d4 $5 22. Bb2 Qe6 23. b4 (23. Bxb7 $2 Rb8) 23... b6
24. Rc1 $14) 22. Bf3 Qd6 23. Rc1 b6 24. Bd2 h5 25. b4 h4 26. bxc5 bxc5 27. Be3
$6 {An imprudence.} (27. Kg2 $1) 27... Rc8 (27... h3 $1 {I believe that Black
could get good counterplay:} 28. Bd2 (28. Qb2 d4 29. Bd2 Qe6 $132 30. Qb5 $6
Qa2 31. Qa5 Qb3 32. Qa6 Qb2) (28. Be2 $4 d4 $19) 28... Qe6 29. Qd1 d4 30. Qf1
Rb8 31. Re1 Qf5 $132) 28. Qb2 Qe6 29. Qe2 Re8 (29... h3 $6 {too late} 30. Bd2
Qd6 31. Qf1 Qe6 32. Bc3 $14) 30. Qd1 Rc8 31. g4 Qd6 32. Bg2 Nb6 $6 (32... d4
33. Bd2 Nd5 34. Qf3 N7b6 35. f5 $14) (32... Rb8 33. Qf3 d4 34. Bd2 Rb2 35. Rd1
Qe6 36. Bc1 (36. h3 $4 Rxd2 $19) (36. f5 $6 Qb3 37. Bf4 Nd5 $11) 36... Re2 37.
Rf1 $1 Re1 (37... Nxg4 $4 38. f5 $18) (37... Qxg4 $4 38. Qxg4 Nxg4 39. Bf3 $18)
38. g5 Rxf1+ 39. Kxf1 Ne8 40. Bh3 $14) 33. g5 d4 34. Bd2 Nfd5 35. Qg4 Re8 36.
Bf3 $2 {After this move White lost his advantage.} (36. f5 $1 Nc3 37. Ra1 $1 {
If White had played this Black would have neededreally good advice. I don't
see how Black can escape.} (37. Bxc3 dxc3 38. g6 (38. Rxc3 $6 Re1+ 39. Bf1 Qe5
$44) 38... Qf6 39. Qh5 fxg6 40. fxg6 Re5 41. Qh7+ Kf8 42. Qh8+ Ke7 43. Kf1 Nd7
44. Bh3 Nf8 45. Qg8 Qf3 46. Qf7+ Qxf7 47. gxf7 Kxf7 48. Rxc3 $11) 37... g6 (
37... Nbd5 38. g6 fxg6 39. fxg6 Nf4 40. Bxf4 Qxf4 41. Qh5 Qh6 42. Qf5 Rf8 43.
Bd5+ Nxd5 44. Qxd5+ Kh8 45. Qf5 Re8 46. f4 $18) 38. fxg6 Qxg6 39. Bxc3 dxc3 40.
Be4 Qg7 41. Kh1 $1 c2 42. Rg1 Re5 43. g6 (43. Qxh4 $2 f5 44. Bf3 Qe7 45. Qh6
Re1 46. Qg6+ Kh8 $11) 43... f6 44. f4 $18) 36... Nc3 37. f5 Nbd5 $6 (37... Nd7
$1 {If Adams had played this he wouldn't have had the worse position.} 38. Kg2
(38. Qxh4 $6 Ne5 39. Be4 (39. Bh5 $2 g6 40. fxg6 fxg6 41. Bxc3 gxh5 42. Qxh5
Qc6 43. g6 Re7 44. Bb2 Nf3+ 45. Kf1 Ne1 $19) 39... Ne2+ 40. Kg2 Nxc1 41. Bxc1
g6 42. Qh6 c4 43. Ba3 Qxa3 44. fxg6 Qd6 45. Qh7+ Kf8 46. gxf7 Nxf7 47. g6 Qf6
48. gxf7 Qxf7 49. Qh8+ Qg8+ 50. Qxg8+ Kxg8 51. Bd5+ Kg7 52. Bxc4 $11) 38... Ne5
39. Bf4 Qe7 40. Bxe5 Qxe5 41. g6 Nd5 42. gxf7+ Kxf7 43. Bxd5+ Qxd5+ 44. Kh3 Re5
45. Ra1 Rxf5 46. Ra7+ Ke8 47. f4 Qe6 48. Kxh4 Qe1+ 49. Kh3 Qf1+ $11) 38. Ra1 $1
Qb6 $4 (38... Qd7 39. g6 Nf6 40. gxf7+ Kxf7 41. Qg6+ Kf8 42. h3 $1 (42. Ra6 h3
$132) 42... Ncd5 43. Ra6 $40) 39. g6 {Laurent Fressinet could have won
immediately. I guess he was short of time.} (39. Bxc3 $1 Nxc3 40. g6 fxg6 (
40... Qf6 41. Qh5 $18) 41. fxg6 c4 42. Qh5 cxd3 43. Qh7+ Kf8 44. Ra7 $1 Qxa7
45. Qh8+ Ke7 46. Qxg7+ $18) 39... Nf6 40. gxf7+ $2 (40. Qxh4 $1 {Black has no
way to prevent Bg5.} fxg6 41. fxg6 Qb5 42. Bg5 Qxd3 43. Bxf6 Qxg6+ 44. Bg5 $18)
40... Kxf7 41. Qg6+ Kg8 42. Bg5 Rf8 43. Bxh4 $16 Ncd5 $2 {This move should
have only made things worse for Black.} (43... Nfd5 44. Bxd5+ $1 {It's time to
trade the strong bishop.} (44. Qxb6 Nxb6 45. Bg4 Nbd5 46. Bg3 Nb4 $1 47. Bd6
Nxd3 48. Bxf8 Kxf8 $13) 44... Nxd5 45. Bg3) 44. Bg3 Ne7 45. Qg5 c4 46. dxc4 Qc5
47. Re1 Rf7 48. Be5 d3 49. Qf4 $6 {Once again, missing an easy winning line.} (
49. Bxf6 $1 Rxf6 50. Bd5+ Nxd5 51. Re8+ Rf8 (51... Kf7 52. Qh5+ g6 53. Qh8 Rxf5
54. Qg8+ Kf6 55. Re6+ Kg5 56. Qxg6+ Kh4 57. Qh7+ Rh5 58. Re4+ Kg5 59. Qg7+ Kf5
60. Re5+ Kf4 61. Qg3#) 52. f6 Nxf6 53. Qxc5 Rxe8 54. Qd4 $18) 49... Nd7 50. Bd6
Qxf5 51. Qxf5 Nxf5 52. Bb4 $6 (52. Re8+ $1 Kh7 53. Bb4 Nf6 54. Rd8 Rc7 55. c5
$18) 52... Nf6 {Black has a real chance to make a draw now.} 53. Rd1 Rd7 54. c5
Nd4 {The only chance for Black is to swap off White's bishop.} 55. Rxd3 (55.
Bg2 $5 Rc7 (55... Nd5 56. Ba5 Nc3 57. c6 Ra7 58. Bxc3 Ne2+ 59. Kh1 Nxc3 60.
Rxd3 Ra1+ 61. Bf1 Rxf1+ 62. Kg2 Rc1 63. Rd8+ Kf7 64. c7 $18) 56. Rxd3 Nc2 57.
Bc3 Rxc5 58. Bf3 $16) 55... Nxf3+ 56. Rxf3 Rd1+ 57. Kg2 Nd5 58. Ba3 Rd4 59. Kg3
$2 {Now, it is not clear how White can win the game.} (59. Kf1 Nf4 60. Ke1 Nd3+
(60... Ne6 61. Rc3) 61. Ke2 Nf4+ 62. Ke3 Ne6 {White should cash in on his two
extra pawns eventually.}) 59... Rc4 {Suddenly it turns out that due to the bad
position of White's bishop he can't properly protect his c5-pawn.} 60. Rd3 Nc3
61. Rd8+ Kh7 62. Rc8 Na4 63. f3 Rc3 64. Bb4 Rc4 65. Ba3 Rc3 $11 {Laurent
Fressinet could have won this game many times but he failed. Sometimes chess
is an illogical game.} 66. Bb4 Rc4 67. Bd2 Rxc5 68. Ra8 Nb6 69. Ra7 Nd5 70. h4
Rc7 71. Ra5 Rd7 72. Bg5 Kg6 1/2-1/2